Introduction to geographical information system / (Record no. 53962)
[ view plain ]
| 000 -LEADER | |
|---|---|
| fixed length control field | 00796nam a2200253 a 4500 |
| 001 - CONTROL NUMBER | |
| control field | 53962 |
| 003 - CONTROL NUMBER IDENTIFIER | |
| rucl marc code | BD-RjUL |
| 005 - DATE AND TIME OF LATEST TRANSACTION | |
| control field | 20211209080042.0 |
| 008 - FIXED-LENGTH DATA ELEMENTS--GENERAL INFORMATION | |
| fixed length control field | 161030s2008 i ||||| |||| 00| 0 eng d |
| 020 ## - INTERNATIONAL STANDARD BOOK NUMBER | |
| International Standard Book Number | 9788180694394 |
| International Standard Book Number | 8180694399 |
| 035 ## - SYSTEM CONTROL NUMBER | |
| System control number | (BD-RjUL)54084 |
| 040 ## - CATALOGING SOURCE | |
| Original cataloging agency | BD-RjUL |
| Language of cataloging | eng |
| Transcribing agency | BD-RjUL |
| 041 ## - LANGUAGE CODE | |
| Language code of text/sound track or separate title | eng |
| 082 ## - DEWEY DECIMAL CLASSIFICATION NUMBER | |
| Edition number | 23 |
| Classification number | 910.2850954 |
| Author mark and year | NAI 2008 |
| 100 1# - MAIN ENTRY--PERSONAL NAME | |
| Personal name | Nag, Prithvish |
| 9 (RLIN) | 133226 |
| 245 10 - TITLE STATEMENT | |
| Title | Introduction to geographical information system / |
| Statement of responsibility, etc. | Prithvish Nag, Smita Sengupta |
| 260 ## - PUBLICATION, DISTRIBUTION, ETC. (IMPRINT) | |
| Place of publication, distribution, etc. | New Delhi : |
| Name of publisher, distributor, etc. | Concept Publishing Company, |
| Date of publication, distribution, etc. | 2008 |
| 300 ## - PHYSICAL DESCRIPTION | |
| Pagination | xiv, 398 p. : |
| Illustrations | ill. ; |
| Size | 25 cm |
| 504 ## - BIBLIOGRAPHY, ETC. NOTE | |
| Bibliography, etc | Includes Bibliographical References and Index |
| 651 ## - SUBJECT ADDED ENTRY--GEOGRAPHIC NAME | |
| Geographic name | India |
| General subdivision | Geographic information systems |
| 9 (RLIN) | 161126 |
| 700 ## - ADDED ENTRY--PERSONAL NAME | |
| Personal name | Sengupta, Smita |
| 942 ## - ADDED ENTRY ELEMENTS (KOHA) | |
| Source of classification or shelving scheme | Dewey Decimal Classification |
| Koha item type | Books |
| Lost status | Source of classification or shelving scheme | Damaged status | Not for loan | Collection code | Permanent Location | Current Location | Shelving location | Date acquired | Source of acquisition | Cost, normal purchase price | Total Checkouts | Full call number | Date last seen | Date checked out | Copy number | Koha item type |
|---|---|---|---|---|---|---|---|---|---|---|---|---|---|---|---|---|
| Dewey Decimal Classification | Non-fiction | Central Library, University of Rajshahi | Central Library, University of Rajshahi | 18/10/2010 | Dhaka,Paragon Enterprise Lit., | 1000.00 | 1 | 910.2850954 NAI 2008 | 24/04/2019 | 17/04/2019 | C-2 | Books | ||||
| Dewey Decimal Classification | Not For Loan | Non-fiction | Central Library, University of Rajshahi | Central Library, University of Rajshahi | Reading Room | 18/10/2010 | Dhaka, Paragon Enterprise ltd. | 1000.00 | 910.2850954 NAI 2008 | 09/04/2017 | C-1 | Books |